Sports Quiz

Random Sports or NBA Quiz
Score 0/16 Timer 04:00
0 Plays Today
Hint Answer % Correct
LakersKobe Bryant
96.7%
BullsMichael Jordan
95.7%
Warriors/76ers/LakersWilt Chamberlain
94.3%
Cavaliers/Heat/LakersLeBron James
93.8%
Thunder/WarriorsKevin Durant
92.9%
CelticsLarry Bird
90%
Bucks/LakersKareem Abdul-Jabbar
89.1%
Magic/Lakers/Heat/SunsShaquille O'neal
88.6%
Hint Answer % Correct
76ers/NuggetsAllen Iverson
83.4%
LakersJerry West
78.2%
HawksDominique Wilkins
75.4%
Royals/BucksOscar Robertson
74.9%
LakersElgin Baylor
73%
WarriorsRick Barry
58.3%
Spurs/BullsGeorge Gervin
57.8%
Braves/KnicksBob McAdoo
37%
Remove Ads.
Support Sporcle.
Get the best of Sporcle when you Go Orange. This ad-free experience offers more features, more stats, and more fun while also helping to support Sporcle. Thank you for becoming a member.

You're not logged in!

Compare scores with friends on all Sporcle quizzes.
OR
Log In

Show Comments

Extras

Top Quizzes Today


Score Distribution

Your Account Isn't Verified!

In order to create a playlist on Sporcle, you need to verify the email address you used during registration. Go to your Sporcle Settings to finish the process.

Report this User

Report this user for behavior that violates our Community Guidelines.

Details: